A letter from a country gentleman, to a Member of Parliament, on the present state of public affairs : in which the object of the contending parties, and the following characters are particularly considered; ...

Bibliographic Details
Main Author: Combe, William, 1742-1823
Format: eBook
Language:English
Edition:The eighth edition, with additions.
Series:Eighteenth century collections online.
Online Access:Full text online

MARC

Tag First Indicator Second Indicator Subfields
LEADER 00000cam a2200000 4500
001 in00001883113
006 m | d |
007 cr |n||||||||n
008 840127s1789 enk|||| s 00||||eng d
005 20260414192827.4
035 |a (CStRLIN)ESTCN4539 
040 |a Cu-RivES  |c Cu-RivES  |d CStRLIN  |d Thomson Gale  |d UtOrBLW 
100 1 |a Combe, William,  |d 1742-1823. 
245 1 2 |a A letter from a country gentleman, to a Member of Parliament, on the present state of public affairs :  |b in which the object of the contending parties, and the following characters are particularly considered; ... 
250 |a The eighth edition, with additions. 
264 3 |a London :  |b printed at the Logographic Press, and sold by J. Walter; and W. Richardson,  |c 1789. 
300 |a 4 unnumbered pages, 79, 1 unnumbered page ;  |c 8⁰. 
336 |a text  |b txt  |2 rdacontent 
337 |a computer  |b c  |2 rdamedia 
338 |a online resource  |b cr  |2 rdacarrier 
500 |a A country gentleman = William Combe. 
500 |a Reproduction of original from the Harvard University Houghton Library. 
510 4 |a English Short Title Catalog,  |c ESTCN4539. 
533 |a Electronic reproduction.  |b Farmington Hills, Mich. :  |c Thomson Gale,  |d 2003.  |n Available via the World Wide Web.  |n Access limited by licensing agreements  |7 s2003 miunns 
500 |a Electronic resource. 
830 0 |a Eighteenth century collections online. 
856 4 0 |u http://proxy.library.tamu.edu/login?url=https://galenet.galegroup.com/servlet/ECCO?c=1&stp=Author&ste=11&af=BN&ae=N004539&tiPG=1&dd=0&dc=flc&docNum=CW105396923&vrsn=1.0&srchtp=a&d4=0.33&n=10&SU=0LRL+OR+0LRI&locID=txshracd2898  |z Full text online  |t 0 
999 |a MARS 
999 f f |s 18b95fde-da42-30ab-9273-08c8769145c3  |i b81686c9-e21c-348b-9dc0-5f8bc013e290  |t 0 
952 f f |a Texas A&M University  |b College Station  |c Electronic Resources  |s www_evans  |d Available Online  |t 0  |h No information provided 
998 f f |t 0  |l Available Online